| 000 | 00487nam a2200157Ia 4500 | ||
|---|---|---|---|
| 005 | 20260217105145.0 | ||
| 022 | _a2141-3878 | ||
| 050 | _aHN831 .A33/ | ||
| 245 | _aAFRICAN JOURNAL OF MODERN SOCIETY | ||
| 250 | _aVol. 5, No. 3 | ||
| 260 |
_aNasarawa State Keffi _bDepartment of Sociology _c2023 |
||
| 300 | _aviii, 290 p. ill.: 23 cm. | ||
| 490 | _aVol. 5, No. 3 | ||
| 650 | _aNigeria--Social conditions--Periodicals Nigeria--Economic conditions--Periodicals | ||
| 942 |
_cSR _2lcc |
||
| 999 |
_c37249 _d37249 |
||